Giảng văn chọn lọc văn học Việt Nam Văn học hiện đại
সংরক্ষণ করুন:
| বিন্যাস: | গ্রন্থ |
|---|---|
| ভাষা: | Undetermined |
| প্রকাশিত: |
Hà Nội
Đại học Quốc gia Hà Nội
2001
|
| বিষয়গুলি: | |
| ট্যাগগুলো: |
ট্যাগ যুক্ত করুন
কোনো ট্যাগ নেই, প্রথমজন হিসাবে ট্যাগ করুন!
|
| Thư viện lưu trữ: | Trung tâm Học liệu Trường Đại học Cần Thơ |
|---|
| LEADER | 00517nam a2200157Ia 4500 | ||
|---|---|---|---|
| 001 | CTU_42915 | ||
| 008 | 210402s9999 xx 000 0 und d | ||
| 082 | |a 807 | ||
| 082 | |b Gi106h | ||
| 245 | 0 | |a Giảng văn chọn lọc văn học Việt Nam | |
| 245 | 0 | |b Văn học hiện đại | |
| 260 | |a Hà Nội | ||
| 260 | |b Đại học Quốc gia Hà Nội | ||
| 260 | |c 2001 | ||
| 650 | |a vietnamese literature - study and teaching ( secondary ) | ||
| 980 | |a Trung tâm Học liệu Trường Đại học Cần Thơ | ||